00315 a2200121 4500003000500000005001700005040000900022082000900031245003800040260003200078650006000110651002300170Nust20170207154607.0 cNust a799  aIndep Day (Photograph 2004) cMCS aRawalpindibMCSc14-08-2004 aPictures of Indep Day in MCS Photograph 2004,(CD-NO-13) aSweet Memories-MCS